Catalog

Record Details

Catalog Search



Teorie a praxe sociálního působení církví v České republice v současné době : absolventská práce Cover Image Book Book

Teorie a praxe sociálního působení církví v České republice v současné době : absolventská práce Markéta Michlíčková ; vedoucí práce: Libor Ovečka

Record details

  • Physical Description: 82 s. 4 příl.

Content descriptions

General Note:
angl. resumé
Bibliography, etc. Note:
bibliogr. s. 70

Available copies

  • 2 of 2 copies available at Common Catalog SPOK.

Holds

  • 0 current holds with 2 total copies.
Show All Copies
Location Call Number / Copy Notes Barcode Shelving Location Status Due Date
Jabok Library ABP-0634 424480011728 Absolventské práce Reference -
Jabok Library ABP-0742 424480015544 Depozitář - Absolv. práce Reference -

LDR 00759ntm a22 a 4500
00113189
003CZ-PrJAB
00520120713092446.0
008030619s2003 xr e |||| |cze
009cz
035 . ‡a(CONS)13189
035 . ‡aKPS0011686
0410 . ‡acze
10011. ‡79491 ‡aMichlíčková, Markéta
110 2. ‡aJABOK - Vyšší sociálně pedagogická a teologická škola
2451 . ‡aTeorie a praxe sociálního působení církví v České republice v současné době : ‡babsolventská práce ‡cMarkéta Michlíčková ; vedoucí práce: Libor Ovečka
260 . ‡aPraha ‡c2003
300 . ‡a82 s. ‡b4 příl.
500 . ‡aangl. resumé
504 . ‡abibliogr. s. 70
653 . ‡acírkve ‡asociální práce ‡aČeská republika ‡acírkevní organizace
70011. ‡74816 ‡aOvečka, Libor ‡d1950-
999 . ‡a634-d ‡c634-d ‡i424480011728 ‡tP
999 . ‡a742-d ‡c742-d ‡i424480015544 ‡tP
910 . ‡aABG312
901 . ‡a13189 ‡bUnknown ‡c13189 ‡tbiblio

Additional Resources